Vidéos de Mcfly et Carlito. Lesquelles ont réellement existées ? - Statistiques

Statistiques générales
  • Ce quiz a été pris 133 fois
  • Le résultat moyen est 7 sur 12
Answers on the Grid
Answers color-coded by a green-red scale on the quiz's grid according to % correct below.
16 pizzas et Yvick ne reconnait pas pizza de la Mama, feat MisterV
24 types d'épice et Carlito ne reconnait pas l'ail
26 céréales feat Florent Bernard et le glucose
29 pots de bébé avec Amixem et Thomas
Carlito a-t-il gagné le concours du cri de la mouette ?
Faites-nous rire et gagnez un scooter ou une mouche décédée par exemple
On élit la meilleure éclair de Paris feat Flamby
Mcfly VS Philippe Etchebest : Qui sera le meilleur goûteur ?
On bat des records du monde, et Carlito n'arrive pas à faire tenir une orange sur sa tête
On déguste des matières non comestibles
On devine 16 eaux feat Michou (la dégustation la moins folle de l'histoire)
On devine 45 saveurs de chocolats avec Natoo
On devine 46 types d'alcools (c'était peut-être une mauvaise idée)
On élit la meilleure télécommande
Une nuit suspendus à un fil
On élit le meilleur tupperware
On répond à nos mails et gagnez un voyage ou une pierre
On s’achète des fringues et avec le recul on est toujours aussi nuls en style
On teste nos pires phobies avec une psy qui nous rassure
On élit la meilleure machine à café
Une nuit sur un pic de montagne (sur un lit en équilibre)
Serrez bien madame (incroyable vlog à Europa-Park avec Artus)
 
Statistiques - réponses
Réponse % Correct
Carlito a-t-il gagné le concours du cri de la mouette ?
78%
29 pots de bébé avec Amixem et Thomas
76%
Mcfly VS Philippe Etchebest : Qui sera le meilleur goûteur ?
76%
On élit la meilleure télécommande
61%
26 céréales feat Florent Bernard et le glucose
59%
On déguste des matières non comestibles
54%
On élit la meilleure machine à café
53%
Faites-nous rire et gagnez un scooter ou une mouche décédée par exemple
52%
On devine 45 saveurs de chocolats avec Natoo
46%
Serrez bien madame (incroyable vlog à Europa-Park avec Artus)
43%
On teste nos pires phobies avec une psy qui nous rassure
35%
On s’achète des fringues et avec le recul on est toujours aussi nuls en style
34%
Aucun quiz correspondant
Distribution des résultats
% des personnes avec chaque résultat
Percentile par nombre de réponses
Votre historique - résultats
Vous n’avez pas pris ce quiz